000 01385cad a22002295a 4500
001 E148232
008 090821s2009 xxkao f 000 0 eng d
035 _a(Sirsi) u148232
041 0 _aeng
050 0 4 _a333.72 $2 18
110 2 _aArchitecture and Design Scotland
_95714
245 0 0 _aCase notes
_bclient leadership
_h[electronic resource]
260 _aEdinbugh
_bA+DS
_c2009
505 2 _aIntroduction -- What is good design? -- Why is good design important? -- How do clients deliver good design? -- Case note 01, John Cole, Health Estates NI -- Case note 02, Sylvie Pierce, Building Better Health -- Case note 03, Malcolm Aiston, Northumberland, Tyne and Wear NHS Trust -- Case note 04, Laura Lee, Maggie's Cancer Caring Centres -- Case note 05, Patricia Pope, Lewisham Primary Care Trust -- Case note 06, Richard Glenn, Alder Hey Children's NHS Foundation Trust -- Case note 07, Tony Curran, NHS Greater Glasgow and Clyde -- Conclusions
520 _aOffers guidance and advice to client teams within NHS Scotland on best practice in the design of healthcare buildings. Includes case studies.
521 _aAdvanced
590 _aKA
651 4 _aScotland
_y1999-
690 _aPROPERTY-OTHER PROPERTY TYPES-HEALTHCARE AND WELFARE PROPERTY
856 4 0 _uhttps://www.ads.org.uk/download/4163-case-notes
_zView the guide free of charge at www.ads.org.uk...
942 _n0
999 _c109966
_d109966